El increíble niño comelibros
Guardado en:
| Autor principal: | |
|---|---|
| Formato: | Libro |
| Lenguaje: | español |
| Publicado: |
Ciudad de México
Fondo de Cultura Económica
2006
|
| Edición: | 1a. ed |
| Colección: | Los Especiales de A la Orilla del Viento
|
| Materias: | |
| Etiquetas: |
Agregar Etiqueta
Sin Etiquetas, Sea el primero en etiquetar este registro!
|
MARC
| LEADER | 00000cam a2200000 a 4500 | ||
|---|---|---|---|
| 001 | UCD7680 | ||
| 003 | CL-VaPUC | ||
| 005 | 20250408100246.0 | ||
| 008 | 170331e20060000mx |||||||||||||||||spa|d | ||
| 999 | |c 367647 |d 367645 | ||
| 020 | |a 9789681682521 | ||
| 040 | |c Pontificia Universidad Católica de Valparaíso | ||
| 082 | 0 | 4 | |a 808.068 |b JEF |2 21 |
| 100 | |a Jeffers, Oliver |e author |9 591700 | ||
| 245 | 1 | 3 | |a El increíble niño comelibros |
| 250 | |a 1a. ed | ||
| 260 | |a Ciudad de México |b Fondo de Cultura Económica |c 2006 | ||
| 300 | |a pág. irreg | ||
| 490 | 0 | |a Los Especiales de A la Orilla del Viento | |
| 583 | |a last modification |c 20170331 00:58:00 |k Rodrigo Vera | ||
| 650 | 0 | |a Literatura infantil |9 307465 |x Cuentos | |
| 942 | |c BK |2 ddc | ||
| 945 | |d 20170331 00:58:00 |a arojas | ||
| 952 | |0 0 |1 0 |3 erd |4 0 |6 808_068000000000000_JEF_2006 |7 0 |8 A |9 482650 |a BIBEDU |b BIBEDU |i 5370388 |l 10 |m 1 |o 808.068 JEF 2006 |p 5370388 |r 2023-10-13 |s 2023-10-10 |w 2019-11-24 |y BK |z Catalogado en:20170331 |k PAR | ||
| 952 | |0 0 |1 0 |3 erd |4 0 |6 808_068000000000000_JEF_2006 |7 0 |8 A |9 482651 |a BIBEDU |b BIBEDU |i 5370396 |l 11 |m 1 |o 808.068 JEF 2006 |p 5370396 |r 2025-04-22 |s 2025-04-10 |w 2019-11-24 |y BK |z Catalogado en:20170331 |k PAR | ||